|
|
|
|
| LEADER |
00000cam a2200000 a 4500 |
| 001 |
10411 |
| 005 |
20231024151943.0 |
| 008 |
948010|1918 ||||||||r|||||||||||spa|| |
| 040 |
|
|
|b spa
|
| 041 |
1 |
|
|a eng
|
| 082 |
0 |
|
|a 923
|
| 100 |
1 |
|
|a Adams, Henry E.
|9 8476
|
| 245 |
1 |
1 |
|a The Education of Henry Adams
|c Henry Adams
|h imp
|
| 264 |
|
|
|a New York
|b Modern Library
|c 1918
|
| 300 |
|
|
|a 517 páginas:
|c 18.5 cm
|
| 504 |
|
|
|a incl. ref.
|
| 650 |
1 |
0 |
|a Autobiografía
|9 6267
|
| 852 |
|
|
|a UC-CDJBV
|c TERCER PISO
|f Donación
|k margarita.gutierrez
|l 1
|m General
|p 19480109
|q 25,00
|r 2
|t 10411
|b 0
|d CDRC
|e CDRC
|g 923 TERCER PISO
|z 1948-80-10
|
| 942 |
|
|
|c BK
|
| 999 |
|
|
|c 3873
|d 3873
|